|
|
|
|
| LEADER |
00000cam a2200000 a 4500 |
| 001 |
vtls001062945 |
| 003 |
SK-MaSNL |
| 005 |
20260301061811.0 |
| 008 |
240322s1990 xo grn 001 m slo |
| 015 |
|
|
|a SNBA1990/08
|
| 020 |
|
|
|a 8022201685
|q (viazané)
|
| 035 |
|
|
|a SNK000005773
|
| 035 |
|
|
|a urn:nbn:sk:snk-amjakq
|
| 035 |
|
|
|a urn:nbn:sk:snk-am003prl
|
| 035 |
|
|
|a B5F77DF6-324B-42F0-B344-C0FC8B780C47
|
| 040 |
|
|
|a SNK
|b slo
|c SNK
|e AACR2
|
| 041 |
0 |
|
|a slo
|
| 044 |
|
|
|a xo
|c SK
|
| 072 |
|
7 |
|a 821.162.4.09
|x Slovenská literatúra (o nej)
|2 konspekt
|
| 072 |
|
7 |
|a 82
|x Literatúra. Literárny život
|2 konspekt
|
| 072 |
|
7 |
|a 82-9
|x Literárna kritika, vecná literatúra a rôzne ďalšie žánre
|2 konspekt
|
| 080 |
|
|
|a 821.162.4
|2 2011
|
| 080 |
|
|
|a 82-027.22
|2 2011
|
| 080 |
|
|
|a 82-95
|2 2011
|
| 080 |
|
|
|a 808.1
|2 2011
|
| 080 |
|
|
|a (049.2)
|2 2011
|
| 080 |
|
|
|a (046)
|2 2011
|
| 080 |
|
|
|a (081.1)
|2 2011
|
| 080 |
|
|
|a 821.162.4-055.1
|2 2011
|
| 100 |
1 |
|
|a Vajanský, Svetozár Hurban,
|d 1847-1916
|4 aut
|9 110614
|
| 245 |
1 |
0 |
|a Literatúra a život
|b (kritiky a články II)
|c Svetozár Hurban Vajanský ; [zostavil, doslov a poznámky napísal Ivan Kusý]
|
| 246 |
3 |
4 |
|a V polovici 80. rokov úloha sledovať súčasnú slovenskú produkciu pre potreby slovenského kultúrneho života a diania mimo neho zostala len pre Vajanského. Stal sa hospodárom slovenskej literatúry. Takéto postavenie Vajanského menilo aj charakter a podobu jeho prác o literatúre. Už neprevyšovali generačne programové state, ale bolo treba bezprostredne rozličnými žánrami reagovať na situáciu
|
| 250 |
|
|
|a 1. vyd. v tomto výbere
|
| 260 |
|
|
|a Bratislava
|b Tatran
|c 1990
|
| 300 |
|
|
|a 348 strán
|c 21 cm
|
| 366 |
|
|
|e 400 kusov
|
| 490 |
1 |
|
|a Spisy / Svetozár Hurban Vajanský
|v 6
|
| 490 |
1 |
|
|a Slovenská tvorba
|v zv. 104
|
| 500 |
|
|
|a Rozložený titulný list. Čiastočne text česky. Vysvetlivky na strane 307-324. Edičná poznámka na strane 325
|
| 500 |
|
|
|a Podnázov z obalu: V polovici 80. rokov úloha sledovať súčasnú slovenskú produkciu pre potreby slovenského kultpúrneho života a diania mimo neho zostala len pre Vajanského. Stal sa hospodárom slovenskej literatúry. Takéto postavenie Vajanského menilo aj charakter a podobu jeho prác o literatúre. Už neprevyšovali generačne programové state, ale bolo treba bezprostredne rozličnými žánrami reagovať na situáciu
|
| 504 |
|
|
|a Obsahuje bibliografické odkazy. Menný register na strane 337-346
|
| 600 |
1 |
7 |
|a Vajanský, Svetozár Hurban,
|d 1847-1916
|2 SNKMA
|9 110614
|
| 648 |
|
7 |
|a 1836-1916
|2 SNKPH
|9 375413
|
| 650 |
0 |
7 |
|a literárna kritika
|2 SNKPH
|9 1138
|
| 650 |
0 |
7 |
|a slovenská literatúra
|2 SNKPH
|9 1115
|
| 650 |
0 |
7 |
|a literárny život
|2 SNKPH
|9 3769
|
| 650 |
0 |
7 |
|a literárna tvorba
|2 SNKPH
|9 4226
|
| 650 |
0 |
7 |
|a slovenskí spisovatelia
|2 SNKPH
|9 1258
|
| 655 |
|
7 |
|a zobrané spisy
|2 SNKPH
|9 70576
|
| 655 |
|
7 |
|a kritiky
|2 SNKPH
|9 28608
|
| 655 |
|
7 |
|a články
|2 SNKPH
|9 70601
|
| 700 |
1 |
|
|a Kusý, Ivan,
|d 1921-2000
|4 com
|4 aft
|4 cwt
|9 104521
|
| 800 |
1 |
|
|a Vajanský, Svetozár Hurban,
|d 1847-1916
|t Spisy
|9 375414
|
| 830 |
|
0 |
|a Slovenská tvorba
|9 277027
|
| 852 |
|
|
|a Slovenská národná knižnica
|
| 919 |
|
|
|a 80-222-0168-5
|
| 954 |
|
|
|a beletria pôvodná (slovenská)
|2 lita
|
| 954 |
|
|
|a odborná, vedecká literatúra pôvodná (slovenská)
|2 lita
|
| 958 |
|
|
|a EUIPO
|
| 958 |
|
|
|a RK
|
| 958 |
|
|
|a TL
|
| 958 |
|
|
|a BX
|
| 958 |
|
|
|a OND
|
| 958 |
|
|
|a LX
|
| 958 |
|
|
|a NB
|
| 999 |
|
|
|c 618348
|d 620278
|
| 952 |
|
|
|t P60, <04>, [BOOK], {604}
|a SNK
|b SNK
|y VYP
|7 0
|p 17A0030388
|o snkSC 78278/2 D1
|i snkKSP 8818/90
|0 0
|1 0
|4 0
|d 1997-01-07
|f 1
|l 0
|r 2004-12-31 00:00:00
|w 2026-02-23
|
| 952 |
|
|
|a SNK
|b SNK
|y PREZ
|7 0
|p 17A0991349
|o snkSC 78278/2
|0 0
|1 0
|4 0
|d 2012-08-15
|l 0
|r 2026-02-23 16:45:52
|w 2026-02-23
|